ՀՀ Գիտությունների ազգային ակադեմիայի հիմնարար գիտական գրադարան  =   Fundamental Scientific Library of NAS RA

Ручной и механизированный инструмент для производства общестроительных работ : (Record no. 141571)

MARC details
000 -LEADER
fixed length control field 01342nam a2200193 u 4500
001 - CONTROL NUMBER
control field 000370450
003 - CONTROL NUMBER IDENTIFIER
control field AM-YeHGA
005 - DATE AND TIME OF LATEST TRANSACTION
control field 20250617131858.0
008 - FIXED-LENGTH DATA ELEMENTS--GENERAL INFORMATION
fixed length control field 030606s1970 ru |||||r|||||000|0|rus d
040 ## - CATALOGING SOURCE
Original cataloging agency AM-YeHGA
041 0# - LANGUAGE CODE
Language code of text/sound track or separate title rus
090 ## - LOCALLY ASSIGNED LC-TYPE CALL NUMBER (OCLC); LOCAL CALL NUMBER (RLIN)
-- 142951
245 00 - TITLE STATEMENT
Title Ручной и механизированный инструмент для производства общестроительных работ :
Remainder of title Каталог-справочник /
Statement of responsibility, etc. Сост. В.П. Башмаков; Центральный научно-исследовательский институт информации и технико-экономических исследований по строительному, дорожному и коммунальному машиностроению.
260 ## - PUBLICATION, DISTRIBUTION, ETC.
Place of publication, distribution, etc. Москва :
Name of publisher, distributor, etc. Изд-во ЦНИИТЭстроймаш,
Date of publication, distribution, etc. 1970.
300 ## - PHYSICAL DESCRIPTION
Extent 412 с. :
Other physical details ил.
650 14 - SUBJECT ADDED ENTRY--TOPICAL TERM
Topical term or geographic name entry element Производства общестроительных работ
700 1# - ADDED ENTRY--PERSONAL NAME
Personal name Башмаков, В.П.
Relator term сост.
Relationship com
710 2# - ADDED ENTRY--CORPORATE NAME
Corporate name or jurisdiction name as entry element Центральный научно-исследовательский институт информации и технико-экономических исследований по строительному, дорожному и коммунальному машиностроению
Holdings
Withdrawn status Lost status Damaged status Not for loan Collection Home library Current library Date acquired Total checkouts Full call number Barcode Date last seen Price effective from Koha item type Public note
        General Fundamental Scientific Library Fundamental Scientific Library 22/12/2016   PIII/31997 FL0367585 22/12/2016 22/12/2016 Գրքեր / Books 30 Days Loan


ՀՀ ԳԱԱ հիմնարար գիտական գրադարան
ՀՀ,Երևան 0019
Մարշալ Բաղրամյան 24/6
հեռախոս:(374-10) 52-47-50
Հետադարձ կապ

All site content, except where otherwise noted, is licensed under a
Creative Commons License